| 000 | 01154cab a22001935a 4500 | ||
|---|---|---|---|
| 001 | L144859 | ||
| 008 | 080814s2008 xxk f 000 0 eng d | ||
| 035 | _a(Sirsi) u144859 | ||
| 041 | 0 | _aeng | |
| 100 | 1 | _aDickins, Jon | |
| 245 | 0 | 0 |
_aEnergy performance certificates _btime for commercial property to get HIP? |
| 260 | _c2008 | ||
| 490 |
_aJournal of Property Law _v(6) 2008, 751-754(4) |
||
| 520 | _aArticle discusses energy performance certificates (EPCs) for commercial buildings and provides general information on the phased introduction of EPCs and factors for consideration for both landlords and tenants. Also provides some definitions and looks at whether or not EPCs will affect the rental value of buildings in future. While the legislation does not hold landlords to make any suggested improvements, the author suggests that it seems reasonable to assume that tenants may try and negotiate lower leases for properties that achieve low scores for their EPCs. | ||
| 650 | 2 | 4 | _aENERGY PERFORMANCE CERTIFICATES |
| 651 | 4 |
_aUnited Kingdom _y |
|
| 690 | _aENVIRONMENTAL AND LAND CONSULTANCY-ENERGY-ENERGY USE-ENERGY EFFICIENCY | ||
| 942 | _n0 | ||
| 999 |
_c80617 _d80617 |
||